Statistiken für Mannschaften DFB-Pokal 23/24 2. Runde

Klicken Sie hier um das Quiz zu spielen!

Allgemein

  • Dieses Quiz wurde 117 mal gespielt
  • Das Durchschnittsergebnis liegt bei 23 aus 32

Antwortstatistiken

Verein% Korrekt
FC Bayern München
97%
Borussia Dortmund
96%
RB Leipzig
95%
Bayer 04 Leverkusen
90%
Hertha BSC Berlin
89%
1.FC Union Berlin
88%
1.FC Kaiserslautern
86%
Hamburger SV
84%
SC Freiburg
84%
VfB Stuttgart
84%
FC Schalke 04
82%
Eintracht Frankfurt
81%
1.FC Nürnberg
76%
Borussia Mönchengladbach
76%
FC St. Pauli
75%
TSG 1899 Hoffenheim
74%
VfL Wolfsburg
74%
1.FSV Mainz 05
73%
1.FC Saabrücken
72%
Fortuna Düsseldorf
71%
SV Holstein Kiel
69%
1.FC Heidenheim
63%
SpVgg Greuther Fürth
63%
1.FC Magdeburg
57%
Arminia Bielefeld
57%
1.FC Köln
56%
FC Hansa Rostock
55%
FC Homburg
49%
SC Paderborn
49%
Viktoria Köln
49%
SV Sandhausen
37%
SpVgg Unterhaching
34%

Verteilung der Resultate

Perzentil nach korrekt beantworteten Fragen

Anzahl Personen mit jedem Resultat

Ihre Resultats-Entwicklung

Sie haben dieses Quiz noch nicht gespielt